[Event "ICS rated blitz match"]
[Site "207.99.83.227"]
[Date "1999.04.07"]
[Round "?"]
[White "Hossa"]
[Black "nimraz"]
[Result "1/2-1/2"]
[WhiteElo "2550"]
[BlackElo "2280"]
[PlyCount "133"]

1. e4 g6 2. Be2 Bg7 3. Nc3 c5 4. Nf3 Nc6 5. O-O Nf6 6. d4 cxd4 7. Nxd4 O-O 8.
Be3 Nxd4 9. Bxd4 d6 10. f4 Qa5 11. e5 dxe5 12. Bxe5 Rd8 13. Qc1 Qb6+ 14. Kh1
Ng4 15. Bxg7 Kxg7 16. Bxg4 Bxg4 17. Re1 Be6 18. Re5 Rd7 19. Na4 Qf2 20. Nc5 Rd2
21. Nxe6+ fxe6 22. Qf1 Rxc2 23. Rxe6 Kf7 24. Qxf2 Rxf2 25. Rae1 Re8 26. g3 Rxb2
27. a4 Rd2 28. R6e4 Rd7 29. Kg2 Rc8 30. h4 h5 31. R1e2 Rc5 32. g4 hxg4 33. Kg3
b6 34. Kxg4 Rf5 35. Rc2 Kf8 36. Rc6 Kf7 37. Rc2 Rc5 38. Rce2 Rcc7 39. f5 gxf5+
40. Kxf5 Rc5+ 41. Kg4 Rdc7 42. Rf4+ Kg7 43. Re6 Rc4 44. Rxe7+ Rxe7 45. Rxc4 Rd7
46. Kg3 Kf6 47. Rf4+ Kg6 48. Rg4+ Kh5 49. Rg5+ Kh6 50. Rf5 Rd3+ 51. Kg4 Rd4+
52. Rf4 Rd7 53. Rf6+ Kg7 54. Rf5 Rd4+ 55. Rf4 Rxf4+ 56. Kxf4 Kg6 57. Kg4 a6 58.
Kf4 Kh5 59. Kg3 b5 60. axb5 axb5 61. Kf4 b4 62. Ke4 b3 63. Kd3 Kxh4 64. Kc3 Kg3
65. Kd3 Kf4 66. Kc3 Ke3 67. Kxb3 {
Game drawn because neither player has mating material} 1/2-1/2

[Event "ICS rated blitz match"]
[Site "207.99.83.227"]
[Date "1999.04.07"]
[Round "?"]
[White "nimraz"]
[Black "Hossa"]
[Result "0-1"]
[WhiteElo "2321"]
[BlackElo "2540"]
[PlyCount "66"]

1. b3 d5 2. Bb2 Bg4 3. g3 Nc6 4. Bg2 e5 5. h3 Bf5 6. a3 Nf6 7. d3 Bc5 8. Nd2
O-O 9. b4 Bd4 10. c3 Bb6 11. c4 Bd4 12. Qc1 Bxb2 13. Qxb2 Re8 14. cxd5 Nd4 15.
e4 Bd7 16. Ngf3 Nxf3+ 17. Nxf3 Qe7 18. O-O Rad8 19. Rfe1 c6 20. dxc6 Bxc6 21.
b5 Bd7 22. d4 exd4 23. Nxd4 Qe5 24. f4 Qc5 25. Rac1 Qb6 26. Kh2 Bxh3 27. Nc6
bxc6 28. Rxc6 Qa5 29. Re3 Ng4+ 30. Kxh3 Nxe3 31. Bf3 Qe1 32. g4 Rd2 33. Rc1
33... Qf2 {nimraz resigns} 0-1

[Event "ICS rated blitz match"]
[Site "207.99.83.227"]
[Date "1999.04.07"]
[Round "?"]
[White "Hossa"]
[Black "ElChinito"]
[Result "0-1"]
[WhiteElo "2547"]
[BlackElo "2200"]
[Annotator "Crafty v16.6"]
[PlyCount "118"]

{annotating for player Hossa using a scoring margin of +0.10 pawns. search
time limit is 20.00} 1. e4 1... c5 2. Bc4 e6 3. Nc3 d6 4. Nf3 a6 5. O-O ({
9:+0.18} 5. O-O 5... e5 6. d4 cxd4 7. Nd5 f5 8. Bg5 Nf6 9. Bxf6 9... gxf6 $10)
({9:+0.54} 5. d4 5... b5 6. Bd3 cxd4 7. Nxd4 b4 8. Na4 e5 9. Nf5 9... Nc6 $14)
5... Nc6 6. d3 ({9:+0.37} 6. d3 6... Na5 7. e5 d5 8. Bb3 Nxb3 9. axb3 Be7 10.
Bf4 f5 11. exf6 11... Nxf6 $14) ({9:+0.81} 6. d4 6... b5 7. Be2 b4 8. Na4 cxd4
9. Nxd4 Bd7 10. Nb3 10... Nf6 $16) 6... Be7 7. d4 cxd4 8. Nxd4 Nf6 9. Nxc6 bxc6
10. Bf4 d5 11. Bd3 O-O 12. e5 Nd7 13. Qh5 g6 14. Qh6 Re8 15. Rad1 ({8:+0.06} 
15. Rad1 15... Rb8 16. Rb1 Bf8 17. Qh3 Bg7 18. Qe3 18... Qh4 $10) ({8:+0.18} 
15. Qh3 15... Rb8 16. Rab1 Rb4 17. Qg3 d4 18. a3 18... Bh4 $10) 15... Rb8 16.
Rb1 Bf8 17. Qh3 Bg7 18. Qg3 Bb7 19. Rbd1 c5 20. Kh1 ({8:-0.89} 20. Kh1 20... c4
21. Be2 Qc7 22. b3 Bxe5 23. Bxe5 Nxe5 24. Qe3 $17) ({8:-0.15} 20. b3 20... Qa5
21. Na4 Bc6 22. Bd2 Qd8 23. Qg5 Bxa4 24. bxa4 Qxg5 25. Bxg5 $10) 20... h6 21.
h4 ({8:-0.91} 21. h4 21... c4 22. Be2 Qc7 23. Qe3 h5 24. Bh6 Bxh6 25. Qxh6
25... Qxe5 $17) ({8:-0.40} 21. Rfe1 21... Qa5 22. Rb1 d4 23. Ne4 Bxe4 24. Bxe4
Rxb2 25. a3 $15) 21... c4 22. Be2 Qc7 23. Qe3 Kh7 24. Rfe1 Nxe5 25. Bf3 ({
7:-0.83} 25. Bf3 25... f6 26. Rd4 Qc5 27. Na4 Qc6 28. Nc3 Nxf3 29. Qxf3 $17) ({
7:-0.61} 25. Rd4 25... Bc8 26. Nd1 Bd7 27. Bh5 f6 28. Bf3 $15) 25... f6 26. Qe2
({7:-1.08} 26. Qe2 26... Kg8 27. h5 g5 28. Bg3 Qd6 29. Be4 $17) ({7:-0.80} 26.
Be2 26... Ba8 27. Rb1 Qb6 28. Qxb6 Rxb6 29. h5 Bc6 30. hxg6+ 30... Nxg6 $17)
26... Qb6 27. Bxe5 ({8:-1.72} 27. Bxe5 27... fxe5 28. Rb1 e4 29. Bg4 Bxc3 30.
bxc3 Qd8 31. h5 Qh4+ 32. Kg1 $19) ({8:-1.19} 27. h5 27... g5 28. Bxe5 fxe5 29.
Na4 Qb4 30. b3 cxb3 31. axb3 Qh4+ 32. Kg1 32... Kg8 $17) 27... fxe5 28. Rb1 Rf8
29. Nd1 h5 30. Bxh5 ({8:-2.10} 30. Bxh5 30... gxh5 31. Qxh5+ Kg8 32. Rxe5 Bxe5
33. Qxe5 Qc6 34. h5 $19) ({8:-1.94} 30. Qd2 30... Rf4 31. Kg1 Qd8 32. Nc3 Qxh4
33. Ne2 33... Rf5 $19) 30... gxh5 31. Qxh5+ Kg8 32. Qg6 Qd6 33. Qg3 Rf4 34. Ne3
Rbf8 35. Ng4 e4 36. h5 Kh7 37. Re2 e5 38. Rf1 d4 39. Nh2 Qh6 40. Qh3 Bc8 41. g4
e3 42. f3 e4 43. Rg2 exf3 44. Rxf3 Rxf3 45. Nxf3 Bb7 46. Ng1 Rf2 47. g5 Qxg5
48. Nf3 Qxg2+ 49. Qxg2 Bxf3 50. Qxf3 Rxf3 51. b3 d3 52. cxd3 cxd3 53. Kg2 Rf2+
54. Kh3 d2 55. h6 d1=Q 56. hxg7 Qh5+ 57. Kg3 Rf3+ 58. Kg2 Qh3+ 59. Kg1 Rf1# 0-1

[Event "ICS rated blitz match"]
[Site "207.99.83.227"]
[Date "1999.04.07"]
[Round "?"]
[White "nimraz"]
[Black "Hossa"]
[Result "1-0"]
[WhiteElo "2302"]
[BlackElo "2546"]
[Annotator "Crafty v16.6"]
[PlyCount "135"]

{annotating for player Hossa using a scoring margin of +0.10 pawns. search
time limit is 20.00} 1. g3 1... e5 2. Bg2 Nc6 3. b3 d5 4. Bb2 Bg4 5. h3 Bf5 6.
a3 Nf6 7. d3 Bc5 ({8:+0.17} 7... Bc5 8. Nf3 Qd6 9. b4 Bb6 10. Nh4 Qe6 11. Nxf5
11... Qxf5 $10) ({8:+0.43} 7... Bd6 8. Nf3 O-O 9. O-O Qd7 10. Ng5 Nd4 11. Nc3
$15) 8. b4 Bd4 ({8:+0.26} 8... Bd4 9. c3 Bb6 10. Nf3 Qd7 11. g4 Bg6 12. Nbd2
$10) ({8:+0.39} 8... Bb6 9. Nf3 Qd6 10. g4 Be6 11. g5 Nh5 12. Nc3 $15) 9. c3
Bb6 10. Nd2 O-O 11. c4 Bd4 12. Qc2 Bxb2 ({7:+0.32} 12... Bxb2 13. Qxb2 d4 14.
b5 Na5 15. Qb4 c6 16. Qc5 $15) ({7:+0.58} 12... e4 13. Bxd4 Nxd4 14. Qc3 Nc6
15. g4 d4 16. Qc1 $15) 13. Qxb2 Re8 ({8:-0.66} 13... Re8 14. cxd5 Nd4 15. e4
Bg6 16. Ngf3 Nxf3+ 17. Nxf3 Qd6 18. Qe2 $14) ({8:+0.23} 13... e4 14. g4 Bg6 15.
g5 Nh5 16. cxd5 Qxd5 17. Nxe4 Bxe4 18. Bxe4 Qxg5 19. Bxc6 19... bxc6 $10) 14.
cxd5 Nd4 ({8:-1.42} 14... Nd4 15. Nc4 c6 16. Nxe5 Rxe5 17. Qxd4 Qd6 18. f4 $16)
({8:-0.52} 14... Ne7 $14) 15. e3 Nb5 16. a4 Nd6 17. e4 Bd7 18. Ngf3 Qe7 19. O-O
Rad8 ({9:-1.00} 19... Rad8 20. Qc2 c6 21. d4 exd4 22. e5 Nxd5 23. exd6 Qxd6 24.
Nxd4 24... Nxb4 $16) ({9:-0.82} 19... c6 20. dxc6 Bxc6 21. Rfc1 Rac8 22. Nb3
Bd7 23. Rxc8 Bxc8 24. Qd2 24... Be6 $16) 20. b5 c6 ({8:-1.37} 20... c6 21. d4
exd4 22. e5 c5 23. exf6 Qxf6 24. Rae1 $16) ({8:-0.97} 20... Rc8 21. Rac1 a6 22.
d4 Ndxe4 23. dxe5 Nxd2 24. Qxd2 24... Ne4 $16) 21. dxc6 bxc6 22. b6 axb6 ({
8:-1.28} 22... axb6 23. Qxb6 Rb8 24. Qc5 Rbd8 25. Ng5 h6 26. Ngf3 26... Qe6 $16
) ({8:-1.15} 22... Rb8 23. a5 Bc8 24. d4 Ba6 25. Rfe1 exd4 26. Qxd4 26... Rb7
$16) 23. Qxb6 Rb8 ({9:-1.52} 23... Rb8 24. Qc5 Qe6 25. Ng5 Qe7 26. Nc4 Nxc4 27.
Qxe7 Rxe7 28. dxc4 $18) ({9:-1.40} 23... Ra8 24. Qc5 Nb7 25. Qxe7 Rxe7 26. Nc4
Nc5 27. Nfxe5 Nxa4 28. Rfb1 $16) 24. Qc5 Rbd8 25. Rfb1 Kh8 26. a5 Nb5 ({9:-2.22
} 26... Nb5 27. Qxe7 Rxe7 28. Nc4 Rde8 29. a6 Nc3 30. Nd6 Rd8 31. Rb7 $18) ({
9:-1.87} 26... Kg8 27. a6 Kh8 28. Ra5 Nb5 29. Qxe7 Rxe7 30. Nc4 Nc3 31. Rb7 $18
) 27. Qxe7 Rxe7 28. Nc4 Rde8 29. a6 Nc3 ({8:-3.18} 29... Nc3 30. Rb2 c5 31. a7
Bc6 32. Nfxe5 Rxe5 33. Nxe5 33... Rxe5 $18) ({8:-2.82} 29... Bc8 30. Ncxe5 Na7
31. Nc4 Rd8 32. e5 Nd7 33. Rb4 $18) 30. Rb3 Ne2+ ({8:-4.80} 30... Ne2+ 31. Kf1
Nd4 32. Nxd4 exd4 33. a7 Be6 34. a8=Q Bxc4 35. dxc4 Rxa8 36. Rxa8+ Re8 37.
Rxe8+ 37... Nxe8 $18) ({8:-3.03} 30... Nb5 31. Ncxe5 Kg8 32. Nxd7 Nxd7 33. Rc1
Nb8 34. Ra1 34... Ra7 $18) 31. Kf1 Nd4 32. Nxd4 exd4 33. g4 Be6 34. Rb4 c5 35.
Rba4 Ra7 36. Nd6 Rb8 37. f4 Rb6 38. e5 Ng8 39. f5 Bb3 40. R4a3 Rb4 41. Rxb3
Rxb3 42. Nxf7+ Rxf7 43. a7 Rxa7 44. Rxa7 Rxd3 45. Rc7 Rc3 46. Bd5 Rc1+ 47. Ke2
d3+ 48. Kxd3 Rd1+ 49. Kc4 Rc1+ 50. Kb5 Rb1+ 51. Kc6 Rb8 52. g5 Rf8 53. f6 gxf6
54. Bxg8 Kxg8 55. gxf6 c4 56. Kd6 h6 57. Ke6 Rb8 58. Kf5 Rf8 59. Kg6 Rd8 60. e6
Ra8 61. Rxc4 Kh8 62. Rc7 Kg8 63. h4 Kh8 64. h5 Rd8 65. Rh7+ Kg8 66. e7 Rf8 67.
Rg7+ Kh8 68. exf8=Q# 1-0

[Event "ICS rated blitz match"]
[Site "207.99.83.227"]
[Date "1999.04.07"]
[Round "?"]
[White "Hossa"]
[Black "matar"]
[Result "0-1"]
[WhiteElo "2527"]
[BlackElo "2303"]
[Annotator "Crafty v16.6"]
[PlyCount "75"]

{annotating for player Hossa using a scoring margin of +0.10 pawns. search
time limit is 20.00} 1. e4 1... c5 2. Bc4 e6 3. Nc3 Nc6 4. Nf3 Nf6 5. O-O d5 6.
exd5 exd5 7. Bb5 Bd6 8. Re1+ Be6 9. Ng5 O-O 10. Bxc6 bxc6 11. Nxe6 fxe6 12.
Rxe6 Qd7 13. Re2 Ng4 14. h3 Nh2 15. d3 Nf3+ 16. gxf3 Qxh3 17. f4 Rf6 18. Re3
Rg6+ 19. Rg3 Rxg3+ 20. fxg3 Qxg3+ 21. Kf1 Qh3+ 22. Kg1 Qg3+ 23. Kf1 Rf8 24. Qe1
({8:+0.00} 24. Qe1 24... Qh3+ 25. Kg1 Qg4+ 26. Kh1 Qh3+ 27. Kg1 $10) ({8:+0.76
} 24. Ne2 24... Qh3+ 25. Kg1 Qg4+ 26. Kf2 Qh4+ 27. Ng3 Bxf4 28. Bxf4 Qxf4+ 29.
Kg2 29... g5 $16) 24... Qh3+ 25. Kg1 Qg4+ 26. Kh1 Rf6 27. Qe8+ Bf8 28. f5 Rxf5
29. Qe6+ Kh8 30. Qxf5 Qxf5 31. Kg1 Qg4+ 32. Kf1 Qf3+ 33. Ke1 Be7 34. Nxd5 cxd5
35. a3 d4 36. c4 Bh4+ 37. Kd2 Bg5+ 38. Kc2 0-1

[Event "ICS rated blitz match"]
[Site "207.99.83.227"]
[Date "1999.04.07"]
[Round "?"]
[White "DeccaL"]
[Black "Hossa"]
[Result "0-1"]
[WhiteElo "2243"]
[BlackElo "2502"]
[PlyCount "114"]

1. d4 Nf6 2. c4 g6 3. Nc3 Bg7 4. Nf3 O-O 5. e4 c5 6. d5 d6 7. Bd3 Bg4 8. h3
Bxf3 9. Qxf3 Nfd7 10. O-O Bxc3 11. bxc3 Ne5 12. Qg3 Nxd3 13. Qxd3 Nd7 14. Bh6
Re8 15. Rab1 Qc7 16. Rfd1 Rac8 17. Rb2 Ne5 18. Qe2 e6 19. Bg5 Nd7 20. a4 exd5
21. cxd5 f5 22. Qb5 fxe4 23. Qxb7 Nb6 24. Qa6 Rb8 25. a5 Na4 26. Rxb8 Qxb8 27.
Bf4 Qb3 28. Rc1 Nxc3 29. Bxd6 Qa2 30. Qc6 Rd8 31. Be7 Ne2+ 32. Kf1 Nxc1 33.
Qe6+ Kg7 34. Bf6+ Kh6 35. Bxd8 Qc4+ 36. Kg1 Ne2+ 37. Kh2 Qc1 38. Bg5+ Qxg5 39.
Qxe4 Qf4+ 40. Qxf4+ Nxf4 41. d6 c4 42. d7 Ne6 43. h4 c3 44. h5 gxh5 45. f4 Nd8
46. f5 c2 47. Kg3 c1=Q 48. Kh2 Qc7+ 49. Kh1 Qxa5 50. f6 Qe1+ 51. Kh2 h4 52. f7
Nxf7 53. d8=R Nxd8 54. g4 Qg3+ 55. Kh1 h3 56. g5+ Qxg5 57. Kh2 57... Qg2# {
DeccaL checkmated} 0-1

[Event "ICS rated blitz match"]
[Site "207.99.83.227"]
[Date "1999.04.07"]
[Round "?"]
[White "Hossa"]
[Black "Jambba"]
[Result "1-0"]
[WhiteElo "2508"]
[BlackElo "2338"]
[PlyCount "175"]

1. e4 c5 2. Bc4 e6 3. Nc3 a6 4. a4 Ne7 5. Nf3 d5 6. exd5 exd5 7. Ba2 g6 8. Qe2
Be6 9. Ng5 Qd6 10. O-O Bg7 11. Re1 Nbc6 12. Nxe6 fxe6 13. Qxe6 Qxe6 14. Rxe6
Nd4 15. Bxd5 Nxe6 16. Bxe6 Nc6 17. Nd5 Rd8 18. Nc7+ Ke7 19. Bc4 Nb4 20. Ne6
Nxc2 21. Rb1 b5 22. axb5 axb5 23. Nxd8 bxc4 24. Nc6+ Kd6 25. Na5 Kd5 26. b3 c3
27. dxc3 Bxc3 28. Nc4 Rb8 29. Ne3+ Nxe3 30. Bxe3 Bd4 31. Kf1 Bxe3 32. fxe3 Ke4
33. Kf2 Rb4 34. Rc1 Rxb3 35. Rxc5 Rb2+ 36. Kg3 Re2 37. Rc7 Rxe3+ 38. Kf2 Ra3
39. Rxh7 Kf5 40. Rd7 Ra2+ 41. Kf3 Ra3+ 42. Ke2 Ra2+ 43. Rd2 Ra1 44. Rd3 Rh1 45.
h3 Ra1 46. Rd1 Ra2+ 47. Rd2 Ra1 48. Rd7 Ra2+ 49. Kf3 Ra3+ 50. Kf2 Ra2+ 51. Kg3
Ra3+ 52. Kh2 Ra2 53. h4 Kg4 54. Rd4+ Kf5 55. Kh3 Ra1 56. Rd8 Ke5 57. g3 Ra2 58.
Kg4 Kf6 59. Rd6+ Kg7 60. Rd7+ Kf6 61. Rd8 Ra4+ 62. Kf3 Ra3+ 63. Kf4 Ra2 64. Ke4
Ra4+ 65. Rd4 Ra3 66. Rd6+ Ke7 67. Rxg6 Kf7 68. Rg5 Ra4+ 69. Kf3 Kf6 70. g4 Ra3+
71. Kf4 Ra4+ 72. Ke3 Ra3+ 73. Kd4 Ra4+ 74. Kd3 Ra2 75. Rg8 Rg2 76. Ke3 Kf7 77.
Kf3 Rh2 78. Rh8 Ra2 79. Rd8 Kg7 80. Rd7+ Kf6 81. g5+ Kg6 82. Rd6+ Kg7 83. g6
Ra3+ 84. Kg2 Ra4 85. h5 Ra3 86. Rd7+ Kg8 87. h6 Ra6 88. Rd8# {Jambba checkmated
} 1-0

[Event "ICS rated blitz match"]
[Site "207.99.83.227"]
[Date "1999.04.07"]
[Round "?"]
[White "Steff"]
[Black "Hossa"]
[Result "0-1"]
[WhiteElo "2440"]
[BlackElo "2517"]
[PlyCount "28"]

1. d4 Nf6 2. c4 g6 3. Nc3 Bg7 4. e4 d6 5. Nf3 Bg4 6. Be2 O-O 7. Ng1 Bd7 8. f3
e5 9. Be3 exd4 10. Bxd4 Nc6 11. Be3 Be6 12. h4 Nh5 13. Bf1 Ng3 14. Rh2 14...
Be5 {Steff resigns} 0-1

[Event "ICS rated blitz match"]
[Site "207.99.83.227"]
[Date "1999.04.07"]
[Round "?"]
[White "Hossa"]
[Black "Steff"]
[Result "1/2-1/2"]
[WhiteElo "2530"]
[BlackElo "2427"]
[PlyCount "81"]

1. e4 e6 2. Nf3 d5 3. exd5 exd5 4. Bb5+ c6 5. Be2 Nf6 6. O-O Bd6 7. d3 O-O 8.
Bg5 h6 9. Be3 Bf5 10. Nd4 Bh7 11. Nc3 Nbd7 12. Qd2 Re8 13. Rae1 Qc7 14. f4 b5
15. Bf3 a5 16. Qf2 a4 17. Qh4 a3 18. b3 Bb4 19. Bd2 Bc5 20. Qf2 Qb6 21. Nce2
Rxe2 22. Rxe2 Bxd4 23. Be3 Bxe3 24. Rxe3 Qc7 25. Qe1 Bf5 26. Re7 Qd6 27. Re3
Qf8 28. Qc3 Re8 29. Rxe8 Qxe8 30. Qxc6 Qe3+ 31. Kh1 Bg4 32. Bxg4 Nxg4 33. Qc8+
Kh7 34. h3 Nf2+ 35. Rxf2 Qxf2 36. Qxd7 Qf1+ 37. Kh2 Qxf4+ 38. Kh1 Qf1+ 39. Kh2
Qf4+ 40. Kh1 Qf1+ 41. Kh2 {Game drawn by mutual agreement} 1/2-1/2

[Event "ICS Rated blitz match"]
[Site "207.99.83.227"]
[Date "1999.04.07"]
[Round "?"]
[White "j724"]
[Black "Hossa"]
[Result "0-1"]
[WhiteElo "2232"]
[BlackElo "2525"]
[PlyCount "86"]

1. d4 Nf6 2. Nf3 e6 3. Bf4 Bb4+ 4. c3 Be7 5. Nbd2 Nc6 6. e4 Nh5 7. Be3 O-O 8.
Bd3 d6 9. Rc1 Nf6 10. h3 b6 11. O-O Bb7 12. Bb1 Qe8 13. Qc2 Ba6 14. Rfe1 Rd8
15. c4 Nb4 16. Qb3 c5 17. d5 Bc8 18. a3 Na6 19. Qd3 Nc7 20. Bg5 e5 21. Bc2 Bd7
22. Nh4 Nh5 23. Bxe7 Qxe7 24. Nhf3 Qf6 25. Bd1 Nf4 26. Qe3 Bxh3 27. g3 Ng2 28.
Qe2 Nxe1 29. Qxe1 Qh6 30. Rc3 f5 31. exf5 Bxf5 32. Bc2 Bxc2 33. Rxc2 b5 34. b3
bxc4 35. bxc4 Qh5 36. Kg2 Rd7 37. Qh1 Qg6 38. Rc3 e4 39. Nh4 Qg4 40. Nf1 Qe2
41. Qg1 g5 42. Re3 Qxc4 43. Nd2 43... Qxd5 {j724 resigns} 0-1

[Event "ICS rated blitz match"]
[Site "207.99.83.227"]
[Date "1999.04.07"]
[Round "?"]
[White "Hossa"]
[Black "petrosyanovich"]
[Result "1-0"]
[WhiteElo "2530"]
[BlackElo "2155"]
[PlyCount "45"]

1. e4 Nc6 2. Nf3 d5 3. exd5 Qxd5 4. Nc3 Qa5 5. d4 Bg4 6. Bb5 a6 7. Bxc6+ bxc6
8. Qd3 Nf6 9. Ne5 Bd7 10. O-O e6 11. Bg5 Be7 12. Qf3 Qb6 13. Ne4 Qxb2 14. Bxf6
gxf6 15. Nxf6+ Bxf6 16. Qxf6 Rf8 17. Rfc1 Rb8 18. Nd3 Qc3 19. Nc5 Rb4 20. Nxa6
Rb7 21. a4 h5 22. Rab1 Rxb1 23. Nxc7# {petrosyanovich checkmated} 1-0

[Event "ICS rated blitz match"]
[Site "207.99.83.227"]
[Date "1999.04.07"]
[Round "?"]
[White "Hossa"]
[Black "WhiteHorse"]
[Result "1-0"]
[WhiteElo "2533"]
[BlackElo "2477"]
[PlyCount "97"]

1. e4 g6 2. Be2 Bg7 3. Nc3 d6 4. Nf3 e5 5. O-O c5 6. d3 Nc6 7. Bg5 f6 8. Be3
Be6 9. a3 Nge7 10. Qd2 f5 11. Ng5 Qd7 12. Nxe6 Qxe6 13. Bg5 f4 14. Bxe7 Nxe7
15. Nb5 Qd7 16. Qa5 b6 17. Qa4 O-O 18. Rae1 Nc6 19. Nc3 Qb7 20. Qc4+ Kh8 21.
Nd5 Ne7 22. Bf3 Nxd5 23. exd5 Qd7 24. Qe4 Qf7 25. Bg4 Rae8 26. Be6 Qf6 27. Qa4
Qe7 28. Bg4 h5 29. Bf3 Kh7 30. Be4 Kh6 31. c4 Rg8 32. Qb3 Bf6 33. Qd1 Rg7 34.
Qf3 Reg8 35. b4 g5 36. bxc5 dxc5 37. Qe2 g4 38. Kh1 Qd6 39. Rb1 g3 40. fxg3
fxg3 41. Qe3+ Bg5 42. Qxg3 Bf4 43. Qh3 Rg4 44. Rbe1 Qd8 45. Rf3 R8g5 46. Rf2
Rg7 47. g3 Be3 48. Rxe3 Qg5 49. Rf5 {WhiteHorse resigns} 1-0

[Event "ICS rated blitz match"]
[Site "207.99.83.227"]
[Date "1999.04.07"]
[Round "?"]
[White "WhiteHorse"]
[Black "Hossa"]
[Result "0-1"]
[WhiteElo "2464"]
[BlackElo "2546"]
[PlyCount "88"]

1. d4 Nf6 2. e3 e6 3. f4 c5 4. Bd3 cxd4 5. exd4 Bb4+ 6. c3 Be7 7. Nf3 O-O 8.
O-O b6 9. Qe2 Bb7 10. Nbd2 Nc6 11. Ne5 Rc8 12. a3 d6 13. Nef3 Qd7 14. Ng5 Rc7
15. Ndf3 Nd8 16. Nd2 Bc6 17. Ngf3 Rc8 18. Kh1 Nb7 19. Kg1 b5 20. Ng5 Qe8 21.
Ndf3 Na5 22. Rb1 h6 23. Nh3 Nb3 24. f5 Qd7 25. fxe6 fxe6 26. Bc2 Bd5 27. Nd2
Nxd4 28. cxd4 Rxc2 29. Qd3 Qc6 30. Nf4 Bd8 31. Nxd5 Nxd5 32. Nf3 Rf5 33. Kh1
Qc4 34. Qd1 Kh8 35. Qe1 Qd3 36. Bd2 Rf6 37. Rd1 Qf5 38. Qe2 Rxb2 39. Nh4 Rxd2
40. Nxf5 Rxe2 41. Nxd6 Ne3 42. Rxf6 Bxf6 43. Rg1 a6 44. Ne8 44... Bxd4 {
WhiteHorse resigns} 0-1

[Event "ICS rated blitz match"]
[Site "207.99.83.227"]
[Date "1999.04.07"]
[Round "?"]
[White "Hossa"]
[Black "WhiteHorse"]
[Result "1-0"]
[WhiteElo "2558"]
[BlackElo "2452"]
[PlyCount "48"]

1. e4 g6 2. Be2 Bg7 3. Nc3 d6 4. Nf3 e5 5. O-O c5 6. d3 h6 7. Be3 Be6 8. Nd2
Ne7 9. f4 O-O 10. fxe5 dxe5 11. Bxc5 Nbc6 12. Bg4 Qd7 13. Bxe6 Qxe6 14. Nd5
Rfc8 15. Qf3 b6 16. Ba3 f5 17. Rac1 f4 18. d4 Nxd4 19. Nxe7+ Kh7 20. Qd3 Rd8
21. Nd5 Rac8 22. c3 Nc6 23. Rcd1 Ne7 24. Bxe7 24... Qxe7 {WhiteHorse resigns}
1-0

[Event "ICS rated blitz match"]
[Site "207.99.83.227"]
[Date "1999.04.07"]
[Round "?"]
[White "WhiteHorse"]
[Black "Hossa"]
[Result "1-0"]
[WhiteElo "2441"]
[BlackElo "2569"]
[Annotator "Crafty v16.6"]
[PlyCount "52"]

{annotating for player Hossa using a scoring margin of +0.10 pawns. search
time limit is 20.00} 1. d4 1... Nf6 2. e3 e6 3. Bd3 Be7 4. f4 O-O ({9:-0.17} 
4... O-O 5. c3 c5 6. Nf3 Nc6 7. Nbd2 cxd4 8. cxd4 Nb4 9. Bc4 $10) ({9:+0.12} 
4... c5 5. c3 Nc6 6. Nf3 cxd4 7. cxd4 Nb4 8. Nc3 Nxd3+ 9. Qxd3 Ng4 10. O-O $10)
5. c3 c5 6. Nf3 Nc6 7. O-O d5 8. Qe2 Bd7 9. Nbd2 cxd4 10. exd4 Rc8 11. Ne5 Qc7
12. Rf3 Bd6 13. Rh3 h6 14. g4 Qd8 15. g5 hxg5 ({7:-4.25} 15... hxg5 16. Bh7+
Kh8 17. Bg6+ Kg8 18. Bxf7+ Rxf7 19. Rh8+ Kxh8 20. Nxf7+ Kg8 21. Nxd8 Rxd8 22.
fxg5 $18) ({7:-1.24} 15... Nh7 16. gxh6 g6 17. Nxd7 Qxd7 18. Rf3 Rfd8 19. Qe3
$16) 16. fxg5 Bxe5 17. dxe5 Qb6+ 18. Kg2 Ne4 ({7:-4.29} 18... Ne4 19. Nxe4 f5
20. Nd6 Rc7 21. Be3 21... d4 $18) ({7:-3.35} 18... Nxe5 19. Qxe5 Ne8 20. Qf4 f5
21. gxf6 Rxf6 22. Qe5 $18) 19. Nxe4 f5 ({7:-13.07} 19... f5 20. g6 Qxb2 21.
Bxb2 Rfe8 22. Rh8+ Kxh8 23. Qh5+ Kg8 24. Qh7+ Kf8 25. Ba3+ Nb4 26. Bxb4+ Re7
27. Bxe7+ Kxe7 28. Qxg7+ $18) ({7:-5.77} 19... f6 20. g6 Rf7 21. gxf7+ Kxf7 22.
Nd6+ Ke7 23. Nxc8+ Bxc8 24. Be3 $18) 20. gxf6 dxe4 21. Qxe4 Rxf6 22. exf6 Qxb2+
23. Bxb2 Ne5 24. Qxe5 Kf7 25. fxg7 Rg8 ({6:-Mat06} 25... Rg8 26. Rf1+ Ke7 27.
Ba3+ Kd8 28. Rf8+ Rxf8 29. gxf8=Q+ Be8 30. Qe7+ Kc8 31. Qxe8# $18) ({6:-29.38} 
25... Bc6+ 26. Kg3 Be4 27. Rf1+ Bf5 28. Bxf5 Rxc3+ 29. Bd3+ Ke7 30. Bxc3 $18)
26. Rf1+ Ke7 1-0

[Event "ICS rated blitz match"]
[Site "207.99.83.227"]
[Date "1999.04.07"]
[Round "?"]
[White "Hossa"]
[Black "WhiteHorse"]
[Result "1-0"]
[WhiteElo "2547"]
[BlackElo "2463"]
[PlyCount "199"]

1. e4 g6 2. Be2 Bg7 3. Nc3 e5 4. Nf3 d6 5. O-O Ne7 6. d4 Nbc6 7. d5 Nb8 8. Bb5+
Bd7 9. Bg5 O-O 10. Rc1 h6 11. Be3 a6 12. Bxd7 Nxd7 13. h4 Kh7 14. Qe2 f5 15.
Qd3 f4 16. Bd2 Bf6 17. Qc4 Rh8 18. Qb4 b6 19. Qc4 g5 20. hxg5 hxg5 21. Nh2 Kg6
22. Rcd1 Rc8 23. Qxa6 Rh4 24. Nf3 Rh5 25. Qb5 Qh8 26. Nh4+ Rxh4 27. f3 Rd8 28.
Qc4 Rh1+ 29. Kf2 Qh4+ 30. Ke2 Rh2 31. Be1 Rxg2+ 32. Rf2 Rxf2+ 33. Bxf2 Qh8 34.
Qxc7 Qe8 35. Qxd6 Rb8 36. Kd2 Nc5 37. Bxc5 bxc5 38. Kc1 Rc8 39. Rg1 Ng8 40. Qa6
Qd7 41. Na4 Rc7 42. Qc4 Qd6 43. Nc3 Qd7 44. Rg2 Nh6 45. Qf1 Nf7 46. Qh1 Rc8 47.
Rg4 Rh8 48. Qg1 Be7 49. Kb1 Rb8 50. Nd1 Qb7 51. Kc1 c4 52. Qe1 Bb4 53. Qf1 Rc8
54. a3 Ba5 55. Qg1 c3 56. b3 Qa6 57. Qe1 Bb6 58. a4 Bd4 59. Nf2 Qd6 60. Nd3
Be3+ 61. Kd1 Qa3 62. Ke2 Qa2 63. Nb4 Qa3 64. Nc6 Rh8 65. Rg2 Qb2 66. Qd1 Nd8
67. Nxe5+ Kf6 68. Nc4 Qa2 69. Nxe3 fxe3 70. Qd4+ Kg6 71. Qxh8 Qxc2+ 72. Kxe3
Qxg2 73. Qxc3 Qg1+ 74. Kd2 Qb6 75. a5 Qf2+ 76. Kd1 Qf1+ 77. Kc2 Qe2+ 78. Kc1
Qf1+ 79. Kb2 Qe2+ 80. Ka3 Qb5 81. Qc7 Nf7 82. Qc6+ Qxc6 83. dxc6 Nd6 84. a6 Kf6
85. b4 Ke6 86. Kb3 Nc8 87. b5 Kd6 88. Kc4 Kc7 89. Kc5 Nb6 90. e5 Na4+ 91. Kd4
Nb6 92. a7 Na8 93. Kc5 Nb6 94. e6 Na4+ 95. Kb4 Nb6 96. e7 Nd5+ 97. Kc5 Nxe7 98.
a8=Q Nc8 99. Qb7+ Kd8 100. Qd7# {WhiteHorse checkmated} 1-0

[Event "ICS rated blitz match"]
[Site "207.99.83.227"]
[Date "1999.04.07"]
[Round "?"]
[White "WhiteHorse"]
[Black "Hossa"]
[Result "0-1"]
[WhiteElo "2451"]
[BlackElo "2559"]
[PlyCount "66"]

1. d4 Nf6 2. e3 e6 3. f4 c5 4. Bd3 cxd4 5. exd4 Bb4+ 6. c3 Be7 7. Nf3 O-O 8.
O-O b6 9. Ne5 Bb7 10. Nd2 d6 11. Nef3 Nc6 12. Qe2 Rc8 13. Ng5 Qd7 14. f5 e5 15.
dxe5 Nxe5 16. Be4 d5 17. Bc2 Bc5+ 18. Kh1 Rfe8 19. Ndf3 Neg4 20. Qd2 Ba6 21.
Bd3 Bxd3 22. Qxd3 Nf2+ 23. Rxf2 Bxf2 24. Bf4 h6 25. Nh3 Ne4 26. Rf1 Qxf5 27.
Qb1 Bc5 28. b4 Be7 29. Nd4 Qg4 30. Qb3 Nxc3 31. Ng1 Rc4 32. h3 Qg6 33. Nde2
33... Bxb4 {WhiteHorse resigns} 0-1

[Event "ICS rated blitz match"]
[Site "207.99.83.227"]
[Date "1999.04.07"]
[Round "?"]
[White "Hossa"]
[Black "WhiteHorse"]
[Result "1-0"]
[WhiteElo "2570"]
[BlackElo "2440"]
[PlyCount "167"]

1. e4 g6 2. Be2 Bg7 3. Nc3 e5 4. Nf3 d6 5. O-O Be6 6. d4 Ne7 7. dxe5 dxe5 8.
Qxd8+ Kxd8 9. Ng5 Nec6 10. Nxe6+ fxe6 11. Be3 Nd7 12. Bc4 Ke7 13. Nb5 Rac8 14.
Rad1 a6 15. Nc3 Nd4 16. Rd2 h6 17. Rfd1 Rhd8 18. Bf1 c5 19. a3 g5 20. Bc4 Nb6
21. Ba2 Nd7 22. Kh1 b5 23. Nb1 Nf6 24. f3 Nxc2 25. Rxd8 Rxd8 26. Bxc5+ Ke8 27.
Rxd8+ Kxd8 28. Bxe6 Nd7 29. Bg1 Ke7 30. Bxd7 Kxd7 31. Nc3 b4 32. axb4 Nxb4 33.
Na4 Kc6 34. Nb6 a5 35. Nc4 Kb5 36. Nd6+ Ka4 37. Nb7 Nc6 38. Nc5+ Kb5 39. Ne6
Bh8 40. Be3 Kc4 41. Bd2 Kb3 42. Bc3 a4 43. Nc5+ Kc4 44. Nxa4 Nd4 45. Nb6+ Kb5
46. Nd5 Kc4 47. b4 Nb5 48. Be1 Nd4 49. Bf2 Nc2 50. Bc5 Na3 51. Ne3+ Kd3 52. Nf5
Nb5 53. Nxh6 Bf6 54. Ng4 Bg7 55. Be7 Kc4 56. Ne3+ Kb3 57. Nf5 Bh8 58. g4 Kc4
59. h3 Nd4 60. Nxd4 exd4 61. Bxg5 Kxb4 62. Bd2+ Kc4 63. Kg1 d3 64. Kf2 Bc3 65.
Ke1 Bf6 66. f4 Bh4+ 67. Kd1 Kd4 68. g5 Kxe4 69. Be1 Bxg5 70. fxg5 Kf5 71. Kd2
Kg6 72. Kxd3 Kxg5 73. Ke4 Kg6 74. Kf4 Kh6 75. Kg4 Kh7 76. Kg5 Kg8 77. h4 Kh8
78. Kg6 Kg8 79. Bb4 Kh8 80. h5 Kg8 81. h6 Kh8 82. Ba3 Kg8 83. h7+ Kh8 84. Bb2#
{WhiteHorse checkmated} 1-0